Statistics for Mountain Time Zone States

Click here to take the quiz!

General Stats

  • This quiz has been taken 32 times
  • The average score is 12 of 13

Answer Stats

State% Correct
Arizona
100%
Colorado
100%
Montana
100%
North Dakota
100%
South Dakota
100%
Wyoming
100%
Idaho
96%
Nebraska
96%
New Mexico
96%
Utah
96%
Kansas
92%
Texas
88%
Oregon
60%

Score Distribution

Percentile by Number Answered

Percent of People with Each Score

Your Score History

You have not taken this quiz